00688nam a2200193 a 450000100100000000500170001000800410002702000150006804000250008310000320010824000520014024501330019226000350032530000330036050000210039350400300041470000190044470000310046300003667120200930075850.0120124s1980 es a 000 0 spa d a8429155031 aDO-SdBNPbspacBNPHU1 aAlexander, J. Wesleyd1934-10aFundamentals of cilinical immunologylespañol10aPrincipios de inmunología clínica /cJ. Wesley Alexander, Robert A. Good ;versión español por Rafael Echevarría Ramos. aBarcelona :bReverté,c1980. aXII, 418 p. :bil. ;c22 cm. aIncluye índice aBibliografia: p. 399-408.12aGood, Robert A12aEchevarría Ramos, Rafael